| 000 | 00404pab a2200157 454500 | ||
|---|---|---|---|
| 008 | 180718b2010 xxu||||| |||| 00| 0 eng d | ||
| 100 | _aSingh, Surendra P. | ||
| 245 | _aEffective strategies for educating pre-college hispanics and native Americans | ||
| 260 | _c2010 | ||
| 300 | _ap.5-8,23. | ||
| 362 | _a11 Oct | ||
| 650 | _aEducation | ||
| 773 | _aUniversity News | ||
| 908 | _aN | ||
| 909 | _a89271 | ||
| 999 |
_c89271 _d89271 |
||